Yıldız Moran / (Record no. 13484)

MARC details
000 -BAŞLIK
Sabit Uzunlukta Kontrol Alanı 00735nam a22002297a 4500
999 ## - SİSTEM KONTROL NUMARALARI (KOHA)
Koha Biblionumber 13484
Koha Biblioitemnumber 13484
003 - KONTROL NUMARASI IDENTIFIER
Denetim Alanı MIRAKIL
005 - SON İŞLEM TARİHİ VE ZAMANI
Denetim Alanı 20190918121305.0
008 - SABİT-BOY VERİ ELEMANLARI - GENEL BİLGİLER
Sabit Uzunlukta Kontrol Alanı 190918b tu ||||| |||| 00| 0 tur d
020 ## - ULUSLARARASI STANDART KİTAP NUMARASI
Uluslararası Standart Kitap Numarası 9786056166570
040 ## - KATALOGLAMA KAYNAK
Orijinal Kataloglama Ajansı TR-AnCHP
Metne Dönüştürmek Ajansı TR-AnCHP
041 ## - DİL KODU
Metin / Ses Parça Veya Ayrı Başlığın Dil Kodu tur
-- eng
082 ## - DEWEY ONLU SINIFLANDIRMA NUMARASI
Sınıflandırma Numarası 770.92
Ürün Numarası Y44 2016
245 10 - BAŞLIK TABLOSU
Başlık Yıldız Moran /
Başlığın Kalan editör Melih Akoğlu; çeviri Aslı Mertan
260 ## - YAYIN, DAĞITIM, VB
Yayın, Dağıtım, Vb Yeri İstanbul:
Yayıncı, Dağıtıcı, Vs Adı Eczacıbaşı,
Yayın, Dağıtım, Vb Tarihi 2017.
Üretici Firma Pre-press.
300 ## - FİZİKSEL TANIM
Kapsam 275 s.:
Diğer Fiziksel Ayrıntıları fotg.,
Boyutlar 25 sm.
490 0# - SERİSİ TABLOSU
Seri Beyanı Fotoğraf sanatçıları dizisi ;
Hacim / Ardışık Tanımı 8.
600 #0 - KONU KATMA GİRİŞ - KURUMSAL ADI
9 (RLIN) 5979
Kişisel Ad Moran, Yıldız
Genel Alt Bölümü fotoğraflar
650 #0 - KONU KATMA GİRİŞ - TOPİKAL DÖNEM
9 (RLIN) 5978
Topikal Süreli Veya Coğrafi Ad Giriş Elemanı Fotoğraf sanatçıları
Genel Alt Bölümü Türkiye
700 ## - KATMA GİRİŞ - KİŞİSEL İSİM
9 (RLIN) 5980
Kişisel Ad Akoğul, Merih
Relator Terim ed.
700 ## - KATMA GİRİŞ - KİŞİSEL İSİM
9 (RLIN) 5981
Kişisel Ad Mertan, Aslı
Relator Terim çev.
942 ## - EKLENDİ GİRİŞ ELEMANLARI (KOHA)
Sınıflandırma Veya Raf Düzeni Kaynak Dewey Decimal Classification
Koha Öğesi Türü Books
Holdings
Kalıcı Konum Mevcut Konum Edinme Tarihi Toplam Check-Out'Lar Tam Çağrı Numarası Barkod Tarih Son Görülme İtibaren Geçerli Fiyatlar Koha Öğesi Türü
CHP Kütüphanesi CHP Kütüphanesi 09/18/2019   770.92 Y44 2016 011941 09/18/2019 09/18/2019 Books